[Event "Klubbmesterskapet 2012 (B)"]
[Site "Ås, Akershus NOR"]
[Date "2012.03.15"]
[Round "6"]
[White "Garmark, Vegard"]
[Black "Weberg, Øivind"]
[Result "1-0"]
[WhiteElo "1238"]
[BlackElo "1370"]
[PlyCount "65"]
[EventDate "2012.01.19"]

1. e4 e6 2. d4 d5 3. Nc3 Bb4 4. Bd3 c5 5. Nge2 $2 Nc6 ({
En Øivind i god gammel form hadde selvfølgelig sett offisersgevinsten} 5... c4)
6. dxc5 Bxc5 (6... d4 {er ikke så godt som det ser ut:} 7. a3 Bxc5 8. Na4 Be7
9. c3 dxc3 10. Nexc3 {og hvit mister ikke offiseren}) 7. O-O Ne5 8. exd5 exd5
9. Bb5+ Bd7 ({Det minste av mange onder, er:} 9... Kf8 10. Qxd5 Qxd5 11. Nxd5
a6 12. Bf4 Ng6 13. Bc4 Nxf4 14. Nexf4 b5 15. Bd3 {med klar fordel for hvit})
10. Qxd5 Bxb5 11. Qxe5+ Qe7 12. Qxe7+ Nxe7 13. Nxb5 O-O-O 14. Bf4 a6 15. b4
Bxb4 16. Na7+ {Springeren kan aldri komme levende ut fra a7, men her var
allikevel trekket greit nok: den svarte kongen tvinges ut på brettet} (16. Nbd4
Rhe8 17. Rad1 Nd5 18. Bg5 f6 19. Bd2 Bc5 {er selvfølgelig godt nok for hvit})
16... Kd7 17. Rfd1+ Ke6 18. Nd4+ Kf6 19. h4 Bc5 20. Bg5+ Kg6 21. Bxe7 Bxe7 22.
Nf3 Ra8 23. Rd7 (23. Ne5+ Kf5 24. Re1 {er bedre}) 23... Bc5 $2 (23... Bf6 $1
24. Rad1 Rxa7 {er fremdeles best for hvit, men svart kan kjempe videre}) 24.
Rxb7 $2 (24. Ne5+ $1 Kh5 25. Rd5 Bxa7 26. Nxf7+ Kg6 27. Nxh8+ Rxh8 28. Rd6+ {
og hvit bør vinne lett med kvalitet og bonde over}) 24... Bxa7 $2 (24... Rxa7
25. Rxa7 Bxa7 {og hvit må kjempe for å hale inn helpoenget}) 25. Re1 Bc5 26.
Ne5+ Kh5 27. Nf3 (27. g4+ Kxh4 28. Kg2 Bd4 29. Rh1+ Kg5 30. Nf3+ Kg6 31. Nxd4 {
med vinststilling}) 27... Rhe8 28. Rxe8 Rxe8 29. Rxf7 Kg6 30. Rc7 Bb6 $4 31.
Rc6+ Kf5 32. Rxb6 Re2 33. Nd4+ {Oppgitt} 1-0

[Event "Klubbmesterskapet 2012 (B)"]
[Site "Ås, Akershus NOR"]
[Date "2012.02.02"]
[Round "7"]
[White "Simonsen, Steinar"]
[Black "Stensland, Martin"]
[Result "1-0"]
[WhiteElo "1414"]
[BlackElo "1180"]
[PlyCount "80"]

1. e4 e5 2. Nf3 Nf6 3. Nc3 d6 4. d4 exd4 5. Nxd4 Be7 6. Bd3 c6 7. h3 O-O 8. Bf4
Nbd7 9. Nf5 Nc5 10. Nxe7+ Qxe7 11. O-O Nxd3 12. Qxd3 Rd8 13. Rad1 Ne8 14. Qg3
h6 15. Bxh6 f6 16. Bf4 Be6 17. Rd2 Rd7 18. Rfd1 Rad8 19. h4 Qf8 20. h5 f5 21.
Qg6 Bc4 22. b3 Bf7 23. Qxf5 Bxh5 24. Qxf8+ Kxf8 25. f3 Bf7 26. Bg5 Rc8 27. Bf4
Rcd8 28. Bg5 Rc8 29. f4 b5 30. f5 b4 31. Ne2 Bh5 32. Re1 Nf6 33. Ng3 Bg4 34. e5
Nd5 35. e6 Rb7 36. Re4 Bd1 37. Red4 Rb5 38. Rxd1 Nc3 39. R1d2 d5 40. Rh4 Kg8 {
Tap på tid.} 1-0

[Event "Klubbmesterskapet 2012 (B)"]
[Site "Ås, Akershus NOR"]
[Date "2012.08.23"]
[Round "7"]
[White "Weberg, Øivind"]
[Black "Thowsen, Alf Geir"]
[Result "0-1"]
[WhiteElo "1348"]
[BlackElo "1154"]
[PlyCount "106"]

1. f4 d5 2. Nf3 Nf6 3. e3 e6 4. Be2 Nc6 5. O-O Bd6 6. b3 Bd7 7. Bb2 Qe7 8. a4
O-O 9. Ba3 Bxa3 10. Nxa3 a6 11. c4 Rfe8 12. Nc2 Rad8 13. d4 Bc8 14. c5 Ne4 15.
Bd3 f6 16. Qe1 e5 17. Qh4 exd4 18. exd4 Qf7 19. Rae1 Qg6 20. Nd2 Bf5 21. Nf3
Ne7 (21... Nxc5 $1 22. Bxf5 Qxf5 23. Ne3 (23. dxc5 Qxc2) 23... Qd3 24. Nxd5 (
24. dxc5 Rxe3) 24... Rxe1 25. Qxe1 Nxd4 26. Nxc7 Ne2+ 27. Kh1 Ne4 $19) 22. Ne3
Bc8 23. g4 Nf5 24. Kh1 Nxe3 (24... Nxh4 $19) 25. Rxe3 Qxg4 26. Qxg4 Bxg4 27.
Kg2 Bxf3+ 28. Rfxf3 Nd2 29. Rxe8+ Rxe8 30. Rh3 g6 31. b4 f5 32. b5 axb5 33.
Bxb5 Re4 34. a5 Rxd4 $11 (34... c6 35. a6 bxa6 (35... cxb5 $2 36. axb7 Re8 37.
c6) 36. Bxc6 Rxd4) 35. c6 bxc6 36. Bxc6 Nc4 37. a6 Rd2+ 38. Kf1 Nb6 39. Ra3 Rc2
40. Bxd5+ (40. Bb7 d4 41. a7 d3 42. Rxd3 Rxh2 43. Ke1 $16) 40... Nxd5 41. a7
Nb6 42. a8=Q+ Nxa8 43. Rxa8+ Kg7 44. Ra7 h6 45. h3 Kf6 46. Ra6+ c6 47. Ra8 Rc4
48. Rh8 Rxf4+ 49. Kg2 Kg7 50. Rc8 Rc4 51. Kg3 g5 52. Kf3 Rc3+ 53. Kg2 h5 0-1

[Event "Klubbmesterskapet 2012 (B)"]
[Site "Ås, Akershus NOR"]
[Date "2012.03.22"]
[Round "8"]
[White "Thowsen, Alf Geir"]
[Black "Garmark, Vegard"]
[Result "0-1"]
[WhiteElo "1151"]
[BlackElo "1238"]
[PlyCount "52"]
[EventDate "2012.01.19"]

1. d4 d5 2. c4 Nc6 {Et i følge de fleste spesialisters mening et tvilsomt
trekk, men Vegard påstår å ha spesialstudert det.. Og som et
overraskelsesvåpen kan det ha en viss berettigelse. I radiosjakkpartiet Leif
Øgaard - Andreas Dückstein 1977 prøvde svart denne varianten - uten hell.} 3.
cxd5 Qxd5 4. e3 (4. Nf3 {
er nok bedre, blant annet fordi det vanskeliggjør svarts neste trekk i partiet}
) 4... e5 5. Nc3 Bb4 6. Bd2 Bxc3 7. Bxc3 (7. bxc3 Nf6 8. c4 {er mer nøyaktig})
7... exd4 8. exd4 ({Siden svarts d-bonde var bundet, kunne hvit tillate seg} 8.
Ne2 Nf6 9. Nxd4) 8... Nf6 9. Nf3 O-O 10. Be2 Bg4 11. O-O Rfe8 12. b3 $2 (12. h3
Bh5 13. Re1 {ser mer naturlig ut}) 12... Re7 13. Bc4 Qh5 14. Re1 $2 (14. h3
Bxf3 ({
Ut i fra hva som skjedde seinere i partiet hadde Vegard sannsynligvis valgt} 
14... Bxh3 15. gxh3 Qxh3 16. Qd3 Qg4+ 17. Kh2 Qh5+ 18. Kg2 Qg4+) 15. Qxf3 Qxf3
16. gxf3 {er bare litt bedre for svart; hvits dårlige bondestruktur oppveier
omtrent fordelen av løperparet}) 14... Rxe1+ 15. Bxe1 Rd8 16. Bc3 Ne5 $4 {
Egentlig et tapstrekk. Begge spillerne ser seg blinde på at hvits d-bonde er
bundet.} 17. Be2 $2 {Hvit griper ikke sjansen!} (17. dxe5 $1 Rxd1+ 18. Rxd1 h6
(18... Nd7 19. e6 Bxe6 20. Bxe6 fxe6 21. Rxd7 {
og hvits 3 offiserer bør vise seg sterkere enn svarts ene}) (18... Ne8 19. Rd8
h6 20. Rxe8+ Kh7 {bør vinne greit for svart}) 19. exf6 gxf6 20. Bxf6 Kh7 {
med vinststilling for hvit}) 17... Ng6 18. h3 Bxh3 {
Friskt spilt av en modig angrepsspiller, men rent objektivt skal det ikke holde
} 19. gxh3 Qxh3 20. Bf1 $2 {Svart får betalt for sitt mot.} ({
Det må være mye bedre å få med dronninga i forsvaret} 20. Qf1 $1) 20... Qg4+
21. Kh2 $4 {Tar et felt som springeren kunne hatt bruk for seinere} (21. Kh1
Rd5 22. Nh2 Qh4 23. f3 Rh5 24. Qe2 Nf4 25. Be1 Qg5 26. Qf2 {og det er vanskelig
å se hvordan svart kan fortsette angrepet. Hvit kan på sin side ikke håpe på
mer enn remis.}) 21... Rd5 22. Bh3 Rh5 23. Ng1 Qf4+ 24. Kg2 Nh4+ {
En unødvendig sjakk. Den andre springeren kunne gått til e4 med en gang.} 25.
Kf1 Ne4 26. Be1 $4 (26. Qc2 Nf5 27. Bxf5 Ng3+ 28. Ke1 Rh1 29. Kd1 (29. fxg3
Qe3+ 30. Kd1 Rxg1+) (29. f3 Qe3+ 30. Kd1 Rxg1+ 31. Be1 Qxe1#)) 26... Ng3# {
Et morsomt mattbilde!} 0-1

[Event "Klubbmesterskapet 2012 (B)"]
[Site "Ås, Akershus NOR"]
[Date "2012.04.26"]
[Round "8"]
[White "Stensland, Martin"]
[Black "Weberg, Øivind"]
[Result "0-1"]
[WhiteElo "1180"]
[BlackElo "1370"]
[PlyCount "99"]
[EventDate "2012.01.19"]

1. d4 d5 2. Bf4 e6 3. Nf3 c5 4. dxc5 Bxc5 5. e3 Nf6 6. Bd3 Nc6 7. O-O O-O 8.
Bg5 Be7 9. a3 e5 10. Be2 Bf5 11. Nbd2 Rc8 12. c3 Qb6 13. Qc1 Rfd8 14. c4 h6 15.
Bh4 e4 16. Ne1 Ne5 17. b3 dxc4 18. bxc4 Nd3 19. Qc3 Qb2 (19... Nd5 20. Qb3 Bxh4
21. cxd5 Nc1 22. Qd1 Nxe2+ 23. Qxe2 Rxd5) 20. Qxb2 Nxb2 21. Rb1 Bxa3 (21...
Rxd2) 22. Nb3 Nxc4 23. Nd4 Bg6 (23... Nd2 24. Rxb7 Rd7 25. Rb5 Nxf1 26. Kxf1
Be6 27. Bxf6 gxf6 $19) 24. Bxc4 Rxc4 25. Rxb7 Rc1 26. Nec2 Rxf1+ 27. Kxf1 Bc5
28. h3 Bb6 29. g4 Rd7 30. Rb8+ Kh7 31. Bxf6 gxf6 32. Kg2 h5 33. f4 exf3+ 34.
Kxf3 hxg4+ 35. hxg4 Bxc2 36. Nxc2 Rc7 37. Nd4 Rc3 38. Nf5 Rb3 39. Rb7 Kg8 40.
Rb8+ Kh7 41. Rb7 a5 42. Rxf7+ Kh8 43. Rf8+ Kh7 44. Rxf6 a4 45. Rh6+ (45. g5 Bc5
46. g6+ Kg8 47. Ra6 Rb8 48. Rxa4 $18) 45... Kg8 46. g5 Rb5 47. Rf6 (47. Rg6+
Kf7 48. Rf6+ Kg8 49. g6 Bd8 50. Rf7 Rxf5+ (50... Bg5 51. e4 Rb6 52. Rg7+ Kf8
53. Kg4 Bf6 54. Ra7) 51. Rxf5) 47... a3 48. g6 a2 (48... Rxf5+ 49. Rxf5 a2 50.
Rb5 a1=Q 51. Rxb6 Qf1+ {og svart har matt i 39 trekk ifølge sluttspilldatabase.
}) 49. g7 ({Hvit får mattangrep etter} 49. Ne7+ Kg7 (49... Kh8 50. Rf7 Rh5 51.
g7+ Kh7 52. g8=Q+ Kh6 53. Qg7#) 50. Rf7+ Kh6 51. Rh7+ Kg5 52. g7 Kf6 (52...
a1=Q 53. g8=Q+ Kf6 54. Qg6+ Ke5 55. Rh5#) 53. g8=Q a1=Q (53... Ke5 54. Rh6 a1=Q
55. Qe6#) 54. Qg6+ Ke5 55. Rh5#) 49... Rxf5+ 50. Rxf5 {og hvit ga samtidig opp}
0-1

[Event "Klubbmesterskapet 2012 (B)"]
[Site "Ås, Akershus NOR"]
[Date "2012.05.10"]
[Round "9"]
[White "Garmark, Vegard"]
[Black "Stensland, Martin"]
[Result "1-0"]
[WhiteElo "1226"]
[BlackElo "1181"]
[PlyCount "27"]
[EventDate "2012.01.19"]

1. e4 e6 2. d4 Nf6 3. Nc3 Be7 4. Bd3 c6 5. e5 Nd5 6. Nxd5 cxd5 7. Nh3 Nc6 8. c3
h6 9. O-O O-O $2 10. Qg4 $1 f5 11. exf6 Bxf6 12. Bxh6 e5 13. Qg6 e4 14. Ng5 {
Svart ga opp. Det kunne ha fulgt} (14. Ng5 Re8 15. Rfe1 (15. Qh7+ Kf8 16. Qh8+
Ke7 17. Qh7 Rh8 18. Qf5 gxh6 {er fordelaktig for svart.}) 15... Re6 16. Be2 Qe8
17. Qh7+ Kf8 18. Bh5 Qd8 19. Re3) 1-0

[Event "Klubbmesterskapet 2012 (B)"]
[Site "Ås, Akershus NOR"]
[Date "2012.05.24"]
[Round "9"]
[White "Weberg, Øivind"]
[Black "Simonsen, Steinar"]
[Result "1-0"]
[WhiteElo "1370"]
[BlackElo "1418"]
[PlyCount "72"]

1. Nf3 e6 2. g3 d5 3. Bg2 Nf6 4. O-O c5 5. b3 Be7 6. a4 O-O 7. Na3 Nc6 8. Bb2
Qb6 9. Rc1 c4 10. Rb1 Na5 11. bxc4 Qc7 12. Nb5 Qxc4 13. Nc3 Nc6 14. d3 Qc5 15.
Nb5 a6 16. Ba3 Qb6 17. Bxe7 Nxe7 18. Nbd4 Qa5 19. c4 dxc4 20. dxc4 Qc5 21. Qd3
Rd8 22. Qc3 e5 23. Nb3 Qc7 24. Qxe5 Qxe5 25. Nxe5 Rb8 26. Rfd1 Rxd1+ 27. Rxd1
g6 28. Bd5 Nfxd5 29. cxd5 Bf5 30. d6 Nc6 31. Nxc6 bxc6 32. Nc5 Rd8 33. e4 Bg4
34. Rd3 Be2 35. Rd2 Bf3 36. h4 Rb8 {Hvit vant på tid.} 1-0

[Event "Klubbmesterskapet 2012 (B)"]
[Site "Ås, Akershus NOR"]
[Date "2012.03.08"]
[Round "10"]
[White "Stensland, Martin"]
[Black "Thowsen, Alf Geir"]
[Result "1/2-1/2"]
[WhiteElo "1180"]
[BlackElo "1151"]
[PlyCount "59"]

1. d4 Nf6 2. c4 c5 3. dxc5 Nc6 4. e3 e6 5. Nf3 Bxc5 6. Nc3 a6 7. a3 Be7 8. Bd3
Qc7 9. O-O O-O 10. Qc2 Ne5 11. Nxe5 Qxe5 12. Ne2 b6 13. f4 Qc7 14. Ng3 Bb7 15.
h3 Rac8 16. b3 g6 17. Bb2 Ne8 18. Ne4 Bxe4 19. Bxe4 f5 20. Bd3 d5 21. Qe2 Nf6
22. cxd5 Nxd5 23. Rac1 Qa7 24. Bxa6 Rb8 25. Rc8 Rbxc8 26. Bxc8 Rxc8 27. a4 Nxe3
28. Qxe3 Bc5 29. Bd4 Bxd4 30. Qxd4 1/2-1/2

[Event "Klubbmesterskapet 2012 (B)"]
[Site "Ås, Akershus NOR"]
[Date "2012.05.13"]
[Round "10"]
[White "Simonsen, Steinar"]
[Black "Garmark, Vegard"]
[Result "1-0"]
[WhiteElo "1414"]
[BlackElo "1238"]
[Annotator "Lea,Per"]
[PlyCount "105"]
[EventDate "2012.01.19"]

1. e4 e5 2. Nf3 Nc6 3. Bb5 Nf6 4. d3 d6 5. Nc3 Be7 6. O-O O-O 7. h3 Be6 8. Be3
Nd7 9. Qd2 f5 10. Bg5 f4 11. Bxe7 Qxe7 12. Nd5 Bxd5 13. exd5 Nd8 14. Qc3 a6 15.
Ba4 Nc5 16. Bb3 Nf7 17. Rfe1 Ng5 18. Nxg5 Qxg5 19. d4 Nd7 $4 ({Etter} 19... f3
20. g3 exd4 21. Qxd4 Rae8 {er det svart som er i førersetet}) 20. Qxc7 f3 21.
g3 Rad8 22. Qxd6 Qh5 23. Qe6+ Kh8 24. Qg4 Qxg4 25. hxg4 exd4 26. Re4 Nc5 27.
Rxd4 Nxb3 28. axb3 Kg8 29. c4 Kf7 30. Re1 Rc8 31. Re3 b5 ({
Bonden på f3 er fortapt:} 31... Kg8 32. Rf4 Rxf4 33. gxf4 Rf8 34. Rxf3) 32.
Rxf3+ Kg8 33. Rxf8+ Kxf8 34. Kg2 Ke7 35. Kf3 Kd6 36. cxb5 $2 {
Ingen grunn til å slippe svart inn bakveien.} axb5 37. Ke4 {
Dette burde kommet med en gang i stedet for bondeavbyttet i forrige trekk.} Rc2
$1 38. f4 Rxb2 39. Rd3 Re2+ 40. Kf3 Rb2 41. g5 b4 $2 {
Med remistilbud, som selvfølgelig avslås.} ({Svart kunne prøvd:} 41... g6 42.
g4 Rh2 43. Kg3 Rh1 44. f5 Re1 {men også da hvit bør vinne greit}) 42. Ke3 Rg2
43. Kd4 Re2 44. Re3 Rd2+ 45. Kc4 Rxd5 46. Kxb4 $2 {Det enkleste er alltid det
beste, og et bondesluttspill er enklere å vinne enn et tårnsluttspill, kfr den
kjente(?) huskeregelen: "Tårnsluttspill er remis"} (46. Rd3 Rxd3 47. Kxd3 Kd5
48. f5 Ke5 49. g4 Kd5 50. Kd2 Kd6 51. Ke2 Kd5 52. Kd3 Kc5 53. f6 gxf6 54. gxf6
Kd6 55. g5 Ke6 56. Kc4 Kf7 57. Kxb4 {er håpløst for svart}) 46... Rd4+ 47. Kb5
$2 (47. Kc3 $1 Rd5 (47... Kc5 48. b4+ Rxb4 49. Re5+ Kc6 50. Kxb4 $18) 48. Rd3
Kc6 49. Rxd5 Kxd5 50. b4 $18) 47... Rd5+ 48. Kb6 Rd4 49. Rc3 g6 50. Ka5 Rd5+
51. Ka4 Ke6 52. b4 Kf5 $4 {
Går inn i et tårnbytte frivillig, men hvit bør vinne lett uansett} 53. Rc5 1-0

[Event "Høstturneringen 2011"]
[Site "Ås, Akershus NOR"]
[Date "2011.09.01"]
[Round "1"]
[White "Simonsen, Steinar"]
[Black "Lea, Per"]
[Result "0-1"]
[WhiteElo "1280"]
[BlackElo "1644"]
[PlyCount "94"]
[EventDate "2011.09.01"]

1. e4 e5 2. Nf3 Nc6 3. Bb5 a6 4. Ba4 Nf6 5. c3 b5 6. Bc2 Be7 7. O-O O-O 8. d4
d6 9. d5 Na5 10. b4 Nc4 11. Nbd2 Nb6 12. h3 Bb7 13. Nb3 c6 14. Na5 Qc7 15. Nxb7
Qxb7 16. dxc6 Qxc6 17. Bd2 Nxe4 18. Bxe4 Qxe4 19. Re1 Qc6 20. Rc1 Nc4 21. Bg5
Bxg5 22. Nxg5 h6 23. Ne4 f5 24. Nd2 Rad8 25. Nxc4 bxc4 26. Qe2 Rfe8 27. a4 d5
28. Rb1 Qxa4 29. Qh5 Qd7 30. Ra1 Qe6 31. Ra5 Rd6 32. Rea1 Rf8 33. Qe2 Rb8 34.
Qe3 Rb5 35. Rxb5 axb5 36. Ra7 d4 37. cxd4 exd4 38. Qg3 Rd7 39. Ra8+ Kh7 40. Qb8
d3 41. Qh8+ Kg6 42. Ra6 Qxa6 43. Qe8+ Rf7 44. Qe3 Rf6 45. Qd2 Re6 46. Qf4 Qa1+
47. Kh2 Qe5 0-1

[Event "Høstturneringen 2011"]
[Site "Ås, Akershus NOR"]
[Date "2011.09.01"]
[Round "1"]
[White "Olsen, Trygve"]
[Black "Weberg, Øivind"]
[Result "0-1"]
[WhiteElo "1291"]
[BlackElo "1387"]
[PlyCount "58"]
[EventDate "2011.09.01"]

1. e4 d6 2. Nf3 Bg4 3. Bc4 e6 4. d4 Be7 5. O-O Nc6 6. c3 Nf6 7. Nbd2 O-O 8. Qc2
d5 9. e5 Ne4 10. Bd3 f5 11. Ne1 Bh4 12. g3 Be7 13. f3 Bh3 14. fxe4 Bxf1 15.
Nxf1 fxe4 16. Be2 Qe8 17. Ng2 Qf7 18. Be3 h6 19. Nf4 Bg5 20. Bh5 Qf5 21. g4 Qh7
22. Bg6 Qh8 23. Qd2 Bxf4 24. Bxf4 Rxf4 25. Qxf4 Rf8 26. Qg3 Ne7 27. Bf5 exf5
28. gxf5 Rxf5 29. Re1 Rg5 0-1

[Event "Høstturneringen 2011"]
[Site "Ås, Akershus NOR"]
[Date "2011.09.17"]
[Round "1"]
[White "Furnes, Torstein"]
[Black "Vivian-Smith, Adam"]
[Result "1-0"]
[WhiteElo "1584"]
[BlackElo "973"]
[PlyCount "51"]
[EventDate "2011.09.01"]

1. d4 d5 2. c4 Nf6 3. cxd5 Nxd5 4. e4 Nf6 5. Nc3 Nc6 6. Bb5 e5 7. d5 Bd7 8.
dxc6 bxc6 9. Bc4 Bb4 10. Bxf7+ Kxf7 11. Qb3+ Be6 12. Qxb4 Qd3 13. Nf3 Ng4 14.
h3 Nxf2 15. Kxf2 Rab8 16. Nxe5+ Kf6 17. Nxd3 Rxb4 18. Nxb4 c5 19. Nbd5+ Kf7 20.
Nxc7 Bc4 21. b3 Bd3 22. Rd1 Bc2 23. Rd2 Rc8 24. N7d5 Bxe4 25. Nxe4 Rd8 26. Nxc5
1-0

[Event "Høstturneringen 2011"]
[Site "Ås, Akershus NOR"]
[Date "2011.09.08"]
[Round "2"]
[White "Moberg, Jan Rune"]
[Black "Lea, Per"]
[Result "0-1"]
[WhiteElo "1510"]
[BlackElo "1644"]
[Annotator "Lea, Per"]
[PlyCount "75"]
[EventDate "2011.09.01"]

1. d4 d5 2. Nf3 Nf6 3. c4 e6 4. e3 c6 5. Qc2 Bb4+ 6. Nc3 Ne4 7. Nd2 Nxd2 8.
Bxd2 Nd7 9. a3 Be7 10. e4 dxe4 11. Nxe4 Nf6 12. Bc3 b6 13. Bd3 Bb7 14. Rd1 Qc7
15. O-O O-O-O 16. b4 Ng4 17. Ng3 h5 18. Qe2 Nxh2 19. Kxh2 h4 20. Qf3 hxg3+ 21.
Kg1 gxf2+ (21... Bh4 22. fxg3 Bxg3 23. Qe3 Rh4 24. Rf3 Bf4 25. Rxf4 (25. Qf2
Rdh8 26. Kf1 $19) 25... Qxf4 26. Qxf4 Rxf4 27. g3 Rg4 28. Kf2 $19) 22. Kxf2 c5
23. d5 exd5 24. Qf5+ $2 (24. cxd5 Kb8 25. Be4 Bd6 $17) 24... Kb8 25. cxd5 $4 (
25. Bxg7 Rhg8 26. Be5 Bd6 27. Bxd6 Qxd6 28. Qf3 dxc4 29. Be4 Bxe4 30. Qxe4 Qg3+
31. Kg1 Rxd1 32. Rxd1 f5 33. Qe2 cxb4 34. axb4 c3 $19) 25... Rxd5 $1 26. Qf3
Rhd8 $2 (26... Bh4+ 27. Kg1 Rg5 28. Be4 Bxe4 29. Qxe4 (29. Rd8+ Qxd8 30. Qxe4
Bg3 31. Rxf7 Qd1+ 32. Be1 Rh1+ 33. Kxh1 Qh5+ 34. Kg1 Qh2+ 35. Kf1 Qh1+ 36. Ke2
Qxe1+ 37. Kd3 c4+ 38. Kd4 Be5+ 39. Kd5 Bf6+ 40. Kd6 Qxe4 {0-1}) 29... Qh2+ 30.
Kxh2 Bf2+ 31. Qh4 Rxh4#) 27. Qe2 $2 (27. Be4 Bh4+ 28. g3 Rxd1 29. Rxd1 Rxd1 30.
Bxb7 Rc1 31. Ke2 (31. gxh4 Qh2+ 32. Qg2 Qxh4+ 33. Qg3+ Qxg3+ 34. Kxg3 Rxc3+ 35.
Bf3 {0-1})) 27... cxb4 28. Bxb4 Qf4+ 29. Kg1 Qd4+ 30. Rf2 Bh4 31. Be1 Re5 32.
Qf1 Rxe1 {I mangel av et avgjørende mattangrep avvikler svart til et
sluttspill med likefargede løpere og 4 mot 2 bønder.} 33. Qxe1 Bxf2+ 34. Qxf2
Qxf2+ 35. Kxf2 Be4 36. Be2 Rxd1 37. Bxd1 Kc7 38. Ke3 {Og hvit ga samtidig opp.
TidsforbrukL: hvit: 34 minutter, svart 1 time og 25 minutter.} 0-1

[Event "Høstturneringen 2011"]
[Site "Ås, Akershus NOR"]
[Date "2011.09.15"]
[Round "2"]
[White "Furnes, Torstein"]
[Black "Thowsen, Alf Geir"]
[Result "1-0"]
[WhiteElo "1584"]
[BlackElo "1197"]
[Annotator "Furnes,Torstein"]
[PlyCount "55"]

1. d4 Nf6 2. c4 c5 3. d5 e5 4. Nc3 d6 5. e4 Be7 6. Nf3 O-O 7. Be2 Ne8 {
Dette var siste trekk i åpningsbiblioteket til Fritz 10.} 8. Be3 {
Mest vanlig er å rokere kort. Men jeg hadde lyst på lang rokade og kongeangrep.
} Nd7 9. Qd2 g6 {
Fritz liker ikke dette trekket så godt. Kongestillingen blir litt svekket.} 10.
g4 Ng7 11. O-O-O Nb6 {Fritz vil gjerne starte motangrep på dronningfløyen, og
foreslår et bondeoffer for å åpne a- og b-linjen.} (11... a6 $5 12. Bh6 b5 13.
cxb5 axb5 14. Bxb5 Nb6 $14) 12. Rdg1 Bd7 13. h4 Qc8 {Fritz mener her at} (13...
f6 {var nødvendig.}) 14. g5 {
Fritz har som førstevalg den interessante varianten:} (14. h5 Bxg4 15. hxg6
fxg6 16. Nxe5 Bxe2 17. Nxg6 hxg6 18. Qxe2 {og hvit har en bonde for den ofrede
springeren. Men de åpne tårnlinjene mot svarts konge gir hvit lovende
angrepsmuligheter. Fritz 10 vurderer at hvit har en fordel på ca. 2.5 i denne
stillingen.}) 14... f5 $6 {
En avgjørende feil ifølge Fritz. Hvit får nå åpnet g- og h-linjen.} 15. gxf6
Bxf6 16. h5 gxh5 17. Rxh5 $6 {Taper bonde. Bedre var} (17. Bh6 Qe8 18. Ng5 {
med hvit fordel på over 5 ifølge Fritz.}) 17... Bg4 18. Rh2 Bxf3 19. Bxf3 Nxc4
20. Qe2 Nxe3 21. Qxe3 Kf7 {
Svart måtte uansett gi tilbake h-bonden pga trusselen Dh6.} 22. Rxh7 Rg8 23.
Bg4 Qf8 24. Be6+ Ke8 25. Bxg8 Qxg8 26. Qh6 Kf7 27. Qg6+ {Jeg ønsket å avvikle
til sluttspill med springer og bonde over, men det var sterkere å fortsette
angrepet med} (27. Nb5 Rd8 (27... Qf8 28. Nxd6+ Ke7 (28... Qxd6 29. Rgxg7+ Bxg7
30. Qxg7+ Ke8 31. Rh8+ Qf8 32. Rxf8#) 29. Rgxg7+ Bxg7 30. Rxg7+ Qxg7 31. Nf5+
Ke8 32. Qxg7) 28. Nc7 Rb8 29. Qg6+ Ke7 30. Ne6 {med forsert matt i 14 trekk.})
27... Ke7 28. Rxg7+ 1-0

[Event "Høstturneringen 2011"]
[Site "Ås, Akershus NOR"]
[Date "2011.09.22"]
[Round "3"]
[White "Weberg, Øivind"]
[Black "Moberg, Jan Rune"]
[Result "0-1"]
[WhiteElo "1387"]
[BlackElo "1510"]
[PlyCount "64"]
[EventDate "2011.09.01"]

1. c4 b6 2. Nf3 e6 3. g3 Bb7 4. Bg2 f5 5. d4 Nf6 6. O-O Be7 7. Nc3 O-O 8. Bf4
Na6 9. a3 c6 10. b4 Ne4 11. Nxe4 fxe4 12. Nd2 d5 13. Be3 Bg5 14. Qb3 Nc7 15.
Bxg5 Qxg5 16. Qe3 Qxe3 17. fxe3 g5 18. Rxf8+ Rxf8 19. Rf1 h5 20. a4 Ne8 21. b5
cxb5 22. axb5 Rxf1+ 23. Kxf1 a6 24. bxa6 Bxa6 25. c5 b5 26. c6 b4 27. Nb3 Bc4
28. Nd2 b3 29. Ke1 b2 30. Kd1 Bb3+ 31. Ke1 Bc2 32. h3 Kf7 0-1